| 000 | nam a22 a 4500 | ||
|---|---|---|---|
| 999 |
_c1324 _d1324 |
||
| 003 | AKMAL | ||
| 005 | 20170509100645.0 | ||
| 008 | 170509s1994 my 00 may d | ||
| 020 |
_a9839017780 (kkt.): _cRM 8.00 |
||
| 040 |
_aAKMAL _cAKMAL |
||
| 049 | _aklpmal | ||
| 082 | 0 | 4 | _a297.63 SAE |
| 090 |
_a297.63 _bSAE |
||
| 090 | 2 | 0 |
_a297.63 _bSAE |
| 100 | 1 |
_aHawwa, Sa'ed _92607 |
|
| 245 | 1 | 0 |
_aHikmat mukjizat Rasullullah S.A.W. / _cSa'ed Hawwa ; diselenggarakan oleh Mohd. Nur Iman |
| 260 |
_aKuala Lumpur : _bDarul Nu'man, _c1994 |
||
| 300 |
_axiv, 200ms. ; _c21cm |
||
| 600 | 0 | 0 |
_aMuhammad, _cProphet, _d-632 _91135 |
| 700 | 0 |
_aMohd. Nur Iman _92608 |
|
| 942 |
_2ddc _cBOOK |
||